BSOP header

舊約神學與文學:詩篇與智慧文學 Jiu yue wen xue yu shen xue : (Record no. 35032)

MARC details
000 -LEADER
fixed length control field 01607nam a2200337 4500
008 - FIXED-LENGTH DATA ELEMENTS--GENERAL INFORMATION
fixed length control field 101001s2010 cb b 001 0 chi d
020 ## - INTERNATIONAL STANDARD BOOK NUMBER
International Standard Book Number 9622087590 :NT357.00/Php510.51
020 ## - INTERNATIONAL STANDARD BOOK NUMBER
International Standard Book Number 9789622087590
090 ## - LOCALLY ASSIGNED LC-TYPE CALL NUMBER (OCLC); LOCAL CALL NUMBER (OCLC)
Classification number (OCLC) (R) ; Classification number, CALL (RLIN) (NR) BS1140.3
Local cutter number (OCLC) ; Book number/undivided call number, CALL (RLIN) Ex7
-- v.3
100 1# - MAIN ENTRY--PERSONAL NAME
Personal name 盧卡斯Lucas, Ernest C.
240 10 - UNIFORM TITLE
Uniform title Exploring the Old Testament : a guide to the Psalms & wisdom literature.
Language of a work Chinese
245 10 - TITLE STATEMENT
Title 舊約神學與文學:詩篇與智慧文學 Jiu yue wen xue yu shen xue :
Remainder of title shi pian yu zhi hui wen xue
246 10 - VARYING FORM OF TITLE
Title proper/short title Exploring the Old Testament :
Remainder of title the Psalms & wisdom literature /
246 30 - VARYING FORM OF TITLE
Title proper/short title Shi pian yu zhi hui wen xue
246 31 - VARYING FORM OF TITLE
Title proper/short title Exploring the Old Testament :
Remainder of title the Psalms & wisdom literature
260 ## - PUBLICATION, DISTRIBUTION, ETC. (IMPRINT)
Place of publication, distribution, etc Xianggang :
Name of publisher, distributor, etc Tian dao shu lou,
Date of publication, distribution, etc c2010.
300 ## - PHYSICAL DESCRIPTION
Extent xiii, 368 p. :
Other physical details map ;
Dimensions 21 cm.
490 ## - SERIES STATEMENT
Series statement 文學釋經系列 Wen xue shi jing xi lie =
-- Literary studies of the Bible series
500 ## - GENERAL NOTE
General note Translation of: Exploring the Old Testament : a guide to the Psalms & wisdom literature / Ernest Lucas.
504 ## - BIBLIOGRAPHY, ETC. NOTE
Bibliography, etc Includes bibliographical references.
630 04 - SUBJECT ADDED ENTRY--UNIFORM TITLE
Uniform title Bible.
Name of part/section of a work O.T.
-- Ecclesiastes
General subdivision Criticism, interpretation, etc. {ch}.
630 04 - SUBJECT ADDED ENTRY--UNIFORM TITLE
Uniform title Bible.
Name of part/section of a work O.T.
-- Job
General subdivision Criticism, interpretation, etc. {ch}.
630 04 - SUBJECT ADDED ENTRY--UNIFORM TITLE
Uniform title Bible.
Name of part/section of a work O.T.
-- Proverbs
General subdivision Criticism, interpretation, etc. {ch}.
630 04 - SUBJECT ADDED ENTRY--UNIFORM TITLE
Uniform title Bible.
Name of part/section of a work O.T.
-- Psalms
General subdivision Criticism, interpretation, etc. {ch}.
630 04 - SUBJECT ADDED ENTRY--UNIFORM TITLE
Uniform title Bible.
Name of part/section of a work O.T.
-- Songs of Songs
General subdivision Criticism, interpretation, etc. {ch}.
650 #4 - SUBJECT ADDED ENTRY--TOPICAL TERM
Topical term or geographic name as entry element Wisdom literature
General subdivision Introductions {ch}..
951 ## - EQUIVALENCE OR CROSS-REFERENCE-GEOGRAPHIC NAME/AREA NAME [OBSOLETE] [CAN/MARC only]
General subdivision 00039733
700 1# - ADDED ENTRY--PERSONAL NAME
Personal name Ji, Rongshen.
942 00 - ADDED ENTRY ELEMENTS (KOHA)
Koha issues (borrowed), all copies 1
Source of classification or shelving scheme Library of Congress Classification
Holdings
Withdrawn status Lost status Source of classification or shelving scheme Damaged status Not for loan Home library Current library Shelving location Date acquired Accession number Shelving control number Total Checkouts Full call number Barcode Date last seen Price effective from Koha item type Source of acquisition Date last borrowed Copy number
    Library of Congress Classification     BSOP Library BSOP Library Reference Chinese 07/03/2018 C-10082 127   BS1140.3 Ex7 v.3 00039733 02/23/2013 02/23/2013 Books      
    Library of Congress Classification     BSOP Library BSOP Library Reference Chinese 07/03/2018 C-13260   1 BS1140.3 Ex7 v.3 00045827 04/22/2019 07/01/2015 Books Brother Daniel 04/17/2019 c.2
BSOP

Biblical Seminary of the Philippines
  All rights Reserved
  © 2024

CONTACT INFORMATION

Biblical Seminary of the Philippines,
  77-B Karuhatan Road, Valenzuela City,
  PHILIPPINES 1441
  Phone: +632 8292-6795 / 8292-6798
  Fax : +632 8292-6675
  Email: library@bsop.edu.ph